Dospievajme s knihou odporúčajúca bibliografia

Bibliographic Details
Other Authors: Gőczeová, Andrea (Compiler)
Format: Book
Language:Slovak
PhysicalDescription:20 strán fotografie 21 cm
Published: Levice Tekovská knižnica v Leviciach 2018
Subjects:

MARC

LEADER 00000nam a2200000 4500
001 vtls012086727
003 SK-MaSNL
005 20260301104617.0
008 220209s2018 xo o g b 000 0 slo
015 |a SNBSAB2022 
015 |a SNBA2022/02 
020 |q (brožované) 
040 |a SNK  |b slo  |c SNK  |e rda 
041 0 |a slo 
044 |a xo  |c SK 
072 7 |a 82-93  |x Literatúra pre deti a mládež (o nej)  |2 konspekt 
072 7 |a 01  |x Bibliografia. Katalógy  |2 konspekt 
080 |a 82-93  |2 2011 
080 |a 019.922  |2 2011 
245 0 0 |a Dospievajme s knihou  |b odporúčajúca bibliografia  |c zostavila: Andrea Gőczeová 
264 1 |a Levice  |b Tekovská knižnica v Leviciach  |c 2018 
300 |a 20 strán  |b fotografie  |c 21 cm 
336 |a text  |b txt  |2 rdacontent 
337 |a bez média  |b n  |2 rdamedia 
338 |a zväzok  |b nc  |2 rdacarrier 
500 |a Usporiadanie podľa veku čitateľa 65 záznamov 
500 |a Jednotlivé tituly kníh obsahujú aj krátky obsah 
650 0 7 |a literatúra pre deti a mládež  |2 SNKPH  |9 21893 
650 0 7 |a Children's and juvenile literature  |2 SNKPHeng  |9 266057 
655 7 |a odporúčajúce bibliografie  |2 SNKPH  |9 74934 
655 7 |a výberové bibliografie  |2 SNKPH  |9 70561 
655 7 |a Reading list  |2 SNKPHeng  |9 330500 
655 7 |a Selective bibliography  |2 SNKPHeng  |9 274272 
700 1 |a Gőczeová, Andrea  |4 com  |9 337468 
958 |a SF 
958 |a LX 
958 |a DB 
999 |c 698595  |d 700525 
952 |a SNK  |b SNK  |y PREZ  |7 0  |p 17A1478715  |o snkOSC 29496  |i snk2022/2088  |8 0  |0 0  |1 0  |4 0  |d 2022-02-09  |l 0  |r 2026-02-23 20:49:22  |w 2026-02-23